00950nam a2200265Ia 4500001000600000003000500006008004100011010001100052040000900063090001500072100004300087245013500130260004100265300001900306502008000325650004200405650003600447901001500483902000600498910000900504942000600513942000600519999001900525952014000544Z_427CHAP220113s1975 xx 000 0 und d a163403 cCHAP aTesis G 51 aGómez Aguilar, José Roberto949604 aDiagnóstico de los recursos dedicados a la investigación pecuaria regional del I.N.I.P. /cpor José Roberto Gómez Aguilar aChapingo, Méx. :bEl autor,c1975 a36 h. apénd. aTesis (Ing. Agrónomo Esp. en Zootecnia) -- ENA. Departamento de Zootecnia aGanaderíaxInvestigación .944756 aInvestigaciónxCostos 960229 aTESIS G 51 aM a1975 c2 c2 c163403d163403 00102local4051708TESISaZbZd2005-11-09eEl autorl0oTesis G66 51 1975p5101000080r2022-01-18 00:00:00tEj.1w2022-01-18yTESIS